Lý thuyết & bài tập lập trình Pascal 5.5- 6.0

Sách giới thiệu các lý thuyết kèm theo một số ví dụ cụ thể và một số bài tập mẫu để tham khảo

Na minha lista:
Detalhes bibliográficos
Autor principal: Nguyễn, Thị Kiều Duyên
Formato: Livro
Idioma:Undetermined
Publicado em: Bến Tre Thanh Niên 2001
Assuntos:
Tags: Adicionar Tag
Sem tags, seja o primeiro a adicionar uma tag!
Thư viện lưu trữ: Trung tâm Học liệu Trường Đại học Cần Thơ
LEADER 00871nam a2200217Ia 4500
001 CTU_177453
008 210402s9999 xx 000 0 und d
020 |c 20000 
082 |a 005.133076 
082 |b D527 
100 |a Nguyễn, Thị Kiều Duyên 
245 0 |a Lý thuyết & bài tập lập trình Pascal 5.5- 6.0 
245 0 |c Nguyễn Thị Kiều Duyên 
260 |a Bến Tre 
260 |b Thanh Niên 
260 |c 2001 
520 |a Sách giới thiệu các lý thuyết kèm theo một số ví dụ cụ thể và một số bài tập mẫu để tham khảo 
650 |a Pascal ( computer program language ),Pascal (Ngôn ngữ lập trình) 
650 |x Problems, exercises,Bài tập, vấn đề 
904 |i Thư 
980 |a Trung tâm Học liệu Trường Đại học Cần Thơ